Most Firearms Held by Country - Statistics

General Stats
  • This quiz has been taken 4,676 times
  • The average score is 49 of 60
Answer Stats
Hint Amount Country % Correct
Civilian-owned Firearms 393,347,000 United States
100%
Military-held Firearms 4,535,380 United States
100%
Law Enforcement-held Firearms 1,016,000 United States
100%
Civilian-owned Firearms 49,375,000 China
97%
Military-held Firearms 27,466,400 China
97%
Law Enforcement-held Firearms 1,971,000 China
97%
Civilian-owned Firearms 17,620,000 Russia
97%
Military-held Firearms 30,272,900 Russia
97%
Law Enforcement-held Firearms 2,432,000 Russia
97%
Civilian-owned Firearms 17,510,000 Brazil
94%
Military-held Firearms 1,316,300 Brazil
94%
Law Enforcement-held Firearms 803,000 Brazil
94%
Civilian-owned Firearms 16,809,000 Mexico
94%
Military-held Firearms 895,285 Mexico
94%
Law Enforcement-held Firearms 591,000 Mexico
94%
Civilian-owned Firearms 71,101,000 India
93%
Military-held Firearms 3,900,000 India
93%
Law Enforcement-held Firearms 1,700,000 India
93%
Civilian-owned Firearms 12,732,000 France
90%
Law Enforcement-held Firearms 497,000 France
90%
Civilian-owned Firearms 12,708,000 Canada
89%
Civilian-owned Firearms 15,822,000 Germany
89%
Law Enforcement-held Firearms 466,000 Germany
89%
Civilian-owned Firearms 5,890,000 Iran
87%
Military-held Firearms 3,333,550 Iran
87%
Civilian-owned Firearms 43,917,000 Pakistan
85%
Military-held Firearms 2,315,480 Pakistan
85%
Law Enforcement-held Firearms 944,000 Pakistan
85%
Law Enforcement-held Firearms 391,000 Argentina
83%
Civilian-owned Firearms 7,588,000 Iraq
83%
Military-held Firearms 1,544,750 Egypt
82%
Law Enforcement-held Firearms 1,530,000 Egypt
82%
Civilian-owned Firearms 5,351,000 South Africa
81%
Law Enforcement-held Firearms 283,000 Colombia
80%
Civilian-owned Firearms 8,609,000 Italy
80%
Law Enforcement-held Firearms 273,000 Italy
80%
Military-held Firearms 8,363,100 North Korea
80%
Military-held Firearms 6,600,000 Ukraine
80%
Law Enforcement-held Firearms 289,000 Ukraine
80%
Military-held Firearms 1,711,450 Indonesia
79%
Law Enforcement-held Firearms 429,000 Indonesia
79%
Military-held Firearms 2,688,020 South Korea
79%
Civilian-owned Firearms 13,249,000 Turkey
78%
Military-held Firearms 1,390,180 Turkey
78%
Law Enforcement-held Firearms 620,000 Turkey
78%
Civilian-owned Firearms 5,468,000 Saudi Arabia
77%
Military-held Firearms 3,829,200 Vietnam
71%
Law Enforcement-held Firearms 285,000 Vietnam
71%
Military-held Firearms 1,016,900 Israel
70%
Civilian-owned Firearms 6,154,000 Nigeria
70%
Law Enforcement-held Firearms 362,400 Nigeria
70%
Civilian-owned Firearms 5,895,000 Venezuela
69%
Civilian-owned Firearms 10,342,000 Thailand
67%
Military-held Firearms 1,052,815 Thailand
67%
Law Enforcement-held Firearms 363,000 Algeria
57%
Law Enforcement-held Firearms 333,000 Bangladesh
57%
Military-held Firearms 788,900 Myanmar
48%
Military-held Firearms 958,100 Cuba
47%
Military-held Firearms 2,022,150 Taiwan
47%
Civilian-owned Firearms 14,859,000 Yemen
44%
No matching quizzes found
Score Distribution
Percent of People with Each Score
Percentile by Number Answered
Your Score History
You have not taken this quiz